Sports Quiz

Random Sports or Numbers Quiz

Name by number Quiz Stats

 Plays Quiz not verified by Sporcle

Support Sporcle.
Go Orange.
Score 0/11 Timer 03:00
0 Plays Today
Player Number % Correct
Lionel Messi10
82.4%
Aaron Rodgers12
70.6%
Michael Jordan23
70.6%
Peyton Manning18
58.8%
Pele10
58.8%
Wayne Rooney10
58.8%
Diego Maradona10
52.9%
David Beckham23
47.1%
Lebron James6
5.9%
Crisitano Ronaldo9
0%
Gareth Bale3
0%

You're not logged in!

Compare scores with friends on all Sporcle quizzes.
OR
Log In

From the Vault

Number Grid IV

by Purple_Parrot

Let's take a walk through the world of numbers.
Remove Ads.
Support Sporcle.
Get the best of Sporcle when you Go Orange. This ad-free experience offers more features, more stats, and more fun while also helping to support Sporcle. Thank you for becoming a member.

Show Comments

Extras

Created Feb 5, 2011ReportNominate
Tags:Numbers Quiz

Top Quizzes Today


Score Distribution

Your Account Isn't Verified!

In order to create a playlist on Sporcle, you need to verify the email address you used during registration. Go to your Sporcle Settings to finish the process.

Report this User

Report this user for behavior that violates our Community Guidelines.

Details: